000
00348pam a2200157a 44500
008
230515b1967 xxu||||| |||| 00| 0 eng d
020
_a
NULL
041
_a
ENGLISH
082
_a
621.402/BRA
100
_a
PAVASKAR D
245
_a
ELEMENTS OF HEAT TRANSFER
250
_a
1
260
_a
MUMBAI
_b
V C H
_c
1967
300
_a
202
650
_a
NULL
999
_c
667068
_d
667068